Discurso pronunciado por el Excmo. Señor D. Segismundo Moret el día 18 de diciembre de 1899 en el Ateneo Científico, Literario y Artístico de Madrid, con motivo de la apertura de sus cátedras : (Record no. 88895)

MARC details
000 -LEADER
campo de control de longitud fija 01017nam a2200229 i 4500
001 - NÚMERO DE CONTROL
campo de control 88895
003 - IDENTIFICADOR DE NÚMERO DE CONTROL
campo de control ES-MaACL
005 - FECHA Y HORA DE LA ÚLTIMA TRANSACCIÓN
campo de control 20240209210036.0
007 - CAMPO FIJO DE DESCRIPCIÓN FÍSICA--INFORMACIÓN GENERAL
campo de control de longitud fija t|
008 - DATOS DE LONGITUD FIJA--INFORMACIÓN GENERAL
campo de control de longitud fija 050118s1899 sp ||||1| spa d
080 ## - NÚMERO DE LA CLASIFICACIÓN DECIMAL UNIVERSAL
Número de la Clasificación Decimal Universal 061.21(460.27)Ateneo
100 1# - ENTRADA PRINCIPAL--NOMBRE DE PERSONA
Nombre de persona Moret, Segismundo,
Fechas asociadas al nombre 1833-1913
9 (RLIN) 162747
245 10 - MENCIÓN DEL TÍTULO
Título Discurso pronunciado por el Excmo. Señor D. Segismundo Moret el día 18 de diciembre de 1899 en el Ateneo Científico, Literario y Artístico de Madrid, con motivo de la apertura de sus cátedras :
Resto del título [Decadencia y desprestigio del sistema parlamentario].
260 ## - PUBLICACIÓN, DISTRIBUCIÓN, ETC.
Lugar de publicación, distribución, etc. Madrid :
Nombre del editor, distribuidor, etc. [s.n.],
Fecha de publicación, distribución, etc. 1899 (
Fabricante Sucesores de Rivadeneyra)
300 ## - DESCRIPCIÓN FÍSICA
Extensión 26 p. ;
Dimensiones 25 cm.
610 24 - PUNTO DE ACCESO ADICIONAL DE MATERIA--NOMBRE DE ENTIDAD CORPORATIVA
Nombre de entidad corporativa o nombre de jurisdicción como elemento de entrada Ateneo de Madrid-
Subdivisión de forma Discursos de apertura-
Subdivisión cronológica S.XIX.
9 (RLIN) 1912
610 24 - PUNTO DE ACCESO ADICIONAL DE MATERIA--NOMBRE DE ENTIDAD CORPORATIVA
Nombre de entidad corporativa o nombre de jurisdicción como elemento de entrada Ateneo de Madrid-
Subdivisión de forma Obras digitalizadas.
9 (RLIN) 1930
650 #4 - PUNTO DE ACCESO ADICIONAL DE MATERIA--TÉRMINO DE MATERIA
Término de materia o nombre geográfico como elemento de entrada Parlamentarismo.
9 (RLIN) 136654
852 4# - LOCALIZACIÓN
Ubicación ES-MaACL
Número de control de estantería B-1628(4)
856 4# - LOCALIZACIÓN Y ACCESO ELECTRÓNICOS
Identificador Uniforme de Recursos <a href="http://www.ateneodemadrid.net/biblioteca_digital/folletos/Discursos-009.pdf">http://www.ateneodemadrid.net/biblioteca_digital/folletos/Discursos-009.pdf</a>
Nota pública Ver documento
Holdings
Estatus retirado Estado de pérdida Estado de daño No para préstamo Colección Biblioteca de origen Biblioteca actual Ubicación en estantería Fecha de adquisición Fuente de adquisición Total de préstamos Signatura topográfica completa Código de barras Visto por última vez Precio de reemplazo Tipo de ítem Koha
        Colección digital Biblioteca del Ateneo de Madrid Biblioteca del Ateneo de Madrid Sala Pardo Bazán 17/01/2008     B-1628(4) 1092848 23/02/2023 23/02/2023 Libro impreso antiguo